| 000 | 00461cam a22001217a 4500 | ||
|---|---|---|---|
| 008 | 180718b1985 xxu||||| |||| 00| 0 eng d | ||
| 082 | _aA81x54 In2/81/29/PT3A&B&PT4A | ||
| 100 | _aCensus of India 1981 | ||
| 245 | _aGoa, Daman and Diu: general economic tables and social and cultural tables | ||
| 260 |
_aDelhi _bThe Controller of Publications _c1985 |
||
| 300 | _a592+p. | ||
| 440 | _aCensus of India 1981. Series-29, Goa, Daman and Diu. Part III A & B & Part IV-A | ||
| 999 |
_c482782 _d482782 |
||